<?xml version="1.0" encoding="UTF-8"?>
<marc:record xmlns:marc="http://www.loc.gov/MARC21/slim">
   <marc:leader>00000nam a2200000 a 4500</marc:leader>
   <marc:datafield ind1="1" ind2=" " tag="100">
      <marc:subfield code="a">Maas, Sarah J.</marc:subfield>
      <marc:subfield code="4">aut</marc:subfield>
      <marc:subfield code="e">Verfasser/-in</marc:subfield>
   </marc:datafield>
   <marc:datafield ind1="1" ind2=" " tag="100">
      <marc:subfield code="a">Ernst, Alexandra</marc:subfield>
      <marc:subfield code="4">trl</marc:subfield>
      <marc:subfield code="e">Übersetzer/-in</marc:subfield>
   </marc:datafield>
   <marc:datafield ind1="0" ind2="0" tag="245">
      <marc:subfield code="a">Sterne und Schwerter [3]</marc:subfield>
   </marc:datafield>
   <marc:datafield ind1="0" ind2="0" tag="245">
      <marc:subfield code="c">Sarah J. Maas ; aus dem Amerikanischen Englisch von Alexandra Ernst</marc:subfield>
   </marc:datafield>
   <marc:datafield ind1=" " ind2="1" tag="264">
      <marc:subfield code="a">München</marc:subfield>
      <marc:subfield code="b">dtv</marc:subfield>
      <marc:subfield code="c">2018</marc:subfield>
   </marc:datafield>
   <marc:datafield ind1="1" ind2=" " tag="490">
      <marc:subfield code="a">¬Das¬ Reich der sieben Höfe</marc:subfield>
      <marc:subfield code="v">3</marc:subfield>
   </marc:datafield>
   <marc:datafield ind1=" " ind2=" " tag="250">
      <marc:subfield code="a">Deutsche Erstausgabe</marc:subfield>
   </marc:datafield>
   <marc:datafield ind1="1" ind2=" " tag="520">
      <marc:subfield code="a">Feyre hat ihren Seelengefährten gefunden. Doch es ist nicht Tamlin, sondern Rhys. Trotzdem kehrt sie an den Frühlingshof zurück, um mehr über Tamlins Pläne herauszufinden. Er ist auf einen gefährlichen Handel mit dem König von Hybern eingegangen und der will nur eins &#x96; Krieg. Feyre lässt sich damit auf ein gefährliches Doppelspiel ein, denn niemand darf von ihrer Verbindung zu Rhys erfahren. Eine Unachtsamkeit würde den sicheren Untergang nicht nur für Feyre, sondern für ganz Prythian bedeuten. Doch wie lange kann sie ihre Absichten geheim halten, wenn es Wesen gibt, die mühelos in Feyres Gedanken eindringen können?</marc:subfield>
   </marc:datafield>
   <marc:datafield ind1=" " ind2=" " tag="020">
      <marc:subfield code="a">9783423762069</marc:subfield>
      <marc:subfield code="9">9783423762069</marc:subfield>
   </marc:datafield>
   <marc:datafield ind1=" " ind2=" " tag="020">
      <marc:subfield code="a">3423762063</marc:subfield>
      <marc:subfield code="9">3423762063</marc:subfield>
   </marc:datafield>
   <marc:datafield ind1=" " ind2=" " tag="500">
      <marc:subfield code="a">Vom Hersteller empfohlenes Alter: Ab 16 Jahren</marc:subfield>
   </marc:datafield>
   <marc:datafield ind1=" " ind2=" " tag="300">
      <marc:subfield code="a">747 Seiten</marc:subfield>
   </marc:datafield>
</marc:record>
